Noem de maanden van het jaar in 4 talen- Quiz Taalles 2 - Statistieken

Algemene statistieken
  • Deze quiz is 38 keer genomen
  • De gemiddelde score is 44 van 48
Antwoordstatistieken
Hint Antwoord % Correct
April
100%
April
100%
April
100%
August
100%
August
100%
Augustus
100%
December
100%
December
100%
Februar
100%
Februari
100%
D Januar
100%
NL Januari
100%
Juli
100%
Juli
100%
Juni
100%
Juni
100%
Maart
100%
Mei
100%
November
100%
November
100%
November
100%
Oktober
100%
Oktober
100%
September
100%
September
100%
September
100%
March
97%
February
93%
ENG January
93%
July
93%
May
93%
October
93%
June
90%
Mai
90%
Mai
90%
Décembre
87%
Novembre
83%
Octobre
83%
Septembre
80%
Août
73%
Avril
73%
F Janvier
73%
Février
70%
März
67%
Dezember
63%
Mars
63%
Juillet
57%
Juin
57%
Geen overeenkomende quizzen gevonden
Scoreverdeling
Procent van Mensen met Elke Score
Percentiel versus Aantal Correcte Antwoorden
Uw Scoregeschiedenis
U heeft deze quiz nog niet genomen